000 00315nam a2200133Ia 4500
008 150301s2015 xx 000 0 und d
082 _a615.3
_bS12K
100 _aP.S KALSI
245 _aSPECTROSCOPY OF ORGANIC COMPUNDS
260 _bNEW AGE INT.
300 _a630
650 _aPHARMACEUTICS
942 _2ddc
_cBK
_01
999 _c7153
_d7153